000 00283nam a22001337a 4500
003 SGT
082 _a617.5
_bS00S
100 _aSHARMA, SURENDRA
245 _aSHALYA VIGYAN
260 _aROHTAK
_bNATH PUSTAK BHANDAR
300 _a379,428
650 _aAYURVEDA
942 _2ddc
_cBK
_03
999 _c16620
_d16620